Suurimmat maat väestön mukaan - Statistics

Yleistilastot
  • Tätä visaa on pelattu 57 kertaa
  • Keskiarvotulos 19 / 24
Vastaustilastot
Väestö Maa % Oikein
1,447 mil Kiina
100%
1,380 mil Intia
98%
331 mil Yhdysvallat
98%
127 mil Japani
96%
213 mil Brasilia
94%
146 mil Venäjä
94%
83.8 mil Saksa
91%
129 mil Meksiko
89%
68.1 mil Ranska
89%
274 mil Indonesia
83%
221 mil Pakistan
83%
206 mil Nigeria
81%
84.0 mil Iran
74%
69.8 mil Thaimaa
74%
102 mil Egypti
72%
60.5 mil Italia
68%
84.4 mil Turkki
68%
67.9 mil Yhdistynyt kuningaskunta
68%
165 mil Bangladesh
66%
110 mil Filippiinit
64%
97.4 mil Vietnam
64%
115 mil Etiopia
60%
89.6 mil Kongon demokraattinen tasavalta
60%
59.7 mil Tansania
34%
Ehtoja vastaavia visoja ei löytynyt
Tulosjakauma
Jokaisen tuloksen saaneiden osuus
Persentiili vastausten määrän mukaan
Tuloshistoriasi
Et ole pelannut tätä visaa